QCM Autour de l'or... - Statistiques

Statistiques générales
  • Ce quiz a été pris 12 fois
  • Le résultat moyen est 15 sur 50
Statistiques - réponses
Question Réponse % Correct
Quel est le nombre d'or ? 1,1618
67%
Une époque mythique peut être appelée Age d'or
67%
A quelle série de BD appartient l'album intitulé La serpe d'or ? Astérix le Gaulois
67%
Quel est le symbole chimique de l'or ? Au
67%
Dans quelle région se trouve la Côte d'or en France ? Bourgogne-Franche-Comté
67%
Il existe une renoncule appelée... bouton d'or
67%
Dans les années 1980 on a pu voir à la télévision... Les mystérieuses (...) d'or cités
67%
Quelle proposition est correcte ? On doit écrire... D'ores et déjà
67%
Où était supposé se trouver l'Eldorado, pays regorgeant d'or ? En Amérique du Sud
67%
Qui ne faut-il pas tuer ? La poule aux oeufs d'or
67%
Qu'appelle-t-on l'or noir ? le pétrole
67%
A quelle série de BD appartient l'album intitulé Le crabe aux pinces d'or ? Les aventures de Tintin
67%
Qu'est ce qui est d'or selon une expression française ? le silence
67%
Quel souverain de la mythologie grecque transformait en or tout ce qu'il touchait ? Midas
67%
Quelle proposition est correcte ? On doit écrire... Or donc
67%
Qu'est ce qui est en or dans ce jeu de TF1 une famille
67%
Dans quelle ville décerne-t-on un lion d'or lors d'un festival de cinéma ? Venise
67%
En quelle année a été créé le Ballon d'or, récompense décernée à un footballeur ? 1956
33%
On célèbre les noces après combien d'année de mariage ? 50
33%
Complétez ce titre d'une chanson ancienne... La chanson des (...) d'or blés
33%
Qui chante "Tout l'or des hommes" en 2003 Céline Dion
33%
Quel parfumeur a créé L'Or de J'adore Christian Dior
33%
La mine d'or la plus productive en 2024 se situe... en Ouzbékistan
33%
L'armée française lutte contre l'orpaillage c'est-à-dire l'exploitation de l'or des fleuves et rivières, dans un département français lequel ? Guyane
33%
Dans quel film peut-on entendre "C'est l'or. Il est l'or. L'or de se réveiller. Mon seignor. Il est huit or" La folie des grandeurs
33%
Quelle région était le pays de l'or pour les anciens Egyptiens ? la Nubie
33%
Quelle ordre de chevalerie a été créé par Philippe de Bourgogne en 1430 ? La Toison d'or
33%
Crésus, souverain connu pour sa grande richesse était roi de Lydie
33%
Quelle année n'a pas connu de ruée vers l'or ? 1868
0%
Un lingot d'or en France pèse... 1 kilo
0%
Quelle part de l'or disponible sert actuellement à la production de pièces et de lingots ? 20 %
0%
Quand la reine Elisabeth II a-t-elle célébré son jubilé d'or ? 2002
0%
La plus grande mine d'or actuel aurait une réserve de... 4300 tonnes
0%
Le plus vieil objet en or découvert a été fabrique vers - 4500
0%
La réserve d'or actuelle de la France est la (...) du monde 4e
0%
En France en 2024 pour obtenir un disque d'or, il faut vendre (...) albums 50000
0%
A quelle série de BD appartient l'album intitulé L'or de Saturne ? Alix
0%
Où est conservé l'or français ? A Paris à la Banque de France
0%
Quel goût a l'or ? Aucun
0%
Dans la rome Antique, comme se nomme le dernier d'or ? Aureus
0%
L'or vert est composé d'or et d'argent
0%
D'où l'once troy, mesure couramment utilisée dans les pays anglo-saxons pour peser l'or tire-t-elle son nom ? de la ville de Troyes
0%
Qu'appelle-t-on l'or blanc ? la neige
0%
Quelle expression n'existe pas en français ? L'argent va à l'or
0%
Christian Clavier a joué en 1993 dans La soif de l'or
0%
En 2024 selon le site Bullion, le meilleur placement en or est le 20 francs français
0%
Qu'est ce qui ne dissous pas l'or ? les acides purs
0%
Dans quel film n'est-il pas question d'or ? Le salaire de la peur
0%
Qui a créé la pièce "La poule aux oeufs d'or" en 1995 aux côtés de Marthe Mercadier Michel Galabru
0%
Que représente le poinçon d'état pour l'or 24 carats en France ? Un aigle
0%
Aucun quiz correspondant
Distribution des résultats
% des personnes avec chaque résultat
Percentile par nombre de réponses
Votre historique - résultats
Vous n’avez pas pris ce quiz